00742nas a2200193 a 450000100060000000300080000600500170001400800390003103500190007004000330008904100080012208200240013011000580015424501910021226000560040330000290045965000250048874000350051333149BD-RjUL20211209051945.0140430s1965 pk au g 0 0 0eng a(BD-RjUL)33240 aDLCcCarPdDLCdBD-RjULbeng aeng a301.09549bPAK 19652 aPakistan Sociological Association. [from old catalog]00aPakistan sociological studies :bpapers from the first annual Conference of the Pakistan Sociological Association, Karachi, April 27-29, 1964 /cArticles by Md. Afsar Uddin ... [et al.]. aLahore :bPakistan Sociological Association,c1965. a115 p; :c24 cm.bill. ; 0aSociologyxSocieties0 aPakistan sociological studies.